000 00892nam a2200301 a 4500
001 000015964
003 DO-SdBNP
005 20260119095730.0
007 ta
008 100222s1921 dr ab r 001 0 spa d
020 _a9789945221527
040 _aDO-SdBNP
_bspa
_cBNPHU
041 _hspa
082 4 _a231
_bP438c
_222
100 1 _aPérez, Elynell
_935868
245 1 0 _aConsagrados al amor /
_cElynell Pérez ; prólogo Mario J. Jiménez.
260 _aSanto Domingo :
_bBúho,
_c2021
300 _a132 p. :
_ail. ;
_c21 cm.
500 _aIncluye datos biográficos de la autora en la contracubierta.
505 _t
590 _aInventariado, 2022 / DG
650 0 _aAmor
_91688
650 0 _aCortejo amoroso
_98267
650 4 _aAmor de Dios
_973507
700 1 _aJiménez, Mario J.,
_epról.
_981483
910 _aD/G/Validado. Control de calidad MFF
942 _2ddc
_cLBS1
999 _c51473
_d51473